Reglamentación de trabajo en los servicios de pompas fúnebres de la ciudad de Barcelona
Descripción Física:
63 p. ; 14 cm
MARC
| LEADER | 00000nam a2200000Ia 4500 | ||
|---|---|---|---|
| 001 | 11804 | ||
| 003 | AGDB | ||
| 005 | 20260324175340.0 | ||
| 008 | 160829s1953 xx 000 0 cat d | ||
| 080 | |a M-3-343 | ||
| 110 | 1 | |a Barcelona (Catalunya). |b Servicio Municipal de Pompas Fúnebres |9 56275 | |
| 245 | |a Reglamentación de trabajo en los servicios de pompas fúnebres de la ciudad de Barcelona | ||
| 260 | |a Barcelona : |b (Imp. Casa de Caritat), |c 1953 | ||
| 300 | |a 63 p. ; |c 14 cm | ||
| 610 | 1 | 0 | |a Barcelona (Catalunya). |b Servicio Municipal de Pompas Fúnebres |9 56275 |
| 610 | 1 | 0 | |a Barcelona (Catalunya). |b Servicio Municipal de Pompas Fúnebres |9 56278 |x Reglaments i procediment |
| 710 | |a Casa de Caritat (Barcelona, Catalunya) |9 52406 | ||
| 901 | |a Arxiu | ||
| 942 | |n 1 |2 udc |c ARXIU | ||
| 952 | |0 0 |1 0 |4 0 |6 M3343 |7 1 |9 44797 |a Arxiu |b Arxiu |d 2016-12-01 |l 0 |o M-3-343 |p 11804 |r 2016-12-01 00:00:00 |w 2016-12-01 |y ARXIU | ||
| 999 | |c 47381 |d 47381 | ||